Statistiques concernant Villes de France en 21 lettres ou plus - Carte Quiz

Cliquez ici pour prendre le quiz!

Statistiques générales

  • Ce quiz a été pris 173 fois
  • Le résultat moyen est 7 sur 12

Réponses sur la Carte

Les réponses sont colorées sur une échelle allant du rouge au vert en fonction du pourcentage des utilisateurs qui les ont devinées à leur premier essai. Vous pouvez retrouver ces pourcentages ci-dessous.
 

Statistiques - réponses

Réponse% Correct
Illkirch-Graffenstaden
91%
Saint-Sébastien-sur-Loire
83%
Saint-Yrieix-sur-Charente
79%
Port-Saint-Louis-du-Rhône
69%
Conflans-Sainte-Honorine
66%
Saint-Julien-en-Genevois
62%
Villefranche-de-Rouergue
58%
Saint-Étienne-du-Rouvray
55%
Saint-Maximin-la-Sainte-Baume
55%
Saint-Rémy-lès-Chevreuse
54%
Saint-Just-Saint-Rambert
40%
Saint-Quentin-Fallavier
36%

Distribution des résultats

Percentile par nombre de réponses

% des personnes avec chaque résultat

Votre développement - résultats

Vous n’avez pas pris ce quiz